[Event "World Rapid 2017"]
[Site "Riyadh KSA"]
[Date "2017.12.26"]
[Round "5.45"]
[White "Melkumyan, Hrant"]
[Black "Halkias, Stelios"]
[Result "1-0"]
[WhiteTitle "GM"]
[BlackTitle "GM"]
[WhiteElo "2633"]
[BlackElo "2571"]
[WhiteFideId "13302485"]
[BlackFideId "4201809"]
[EventDate "2017.12.26"]

1. c4 c5 2. Nf3 Nc6 3. Nc3 g6 4. e3 Bg7 5. d4 d6 6. d5 Ne5 7. Nxe5 Bxe5 8. Bd3
Bg7 9. O-O Nf6 10. h3 O-O 11. e4 a6 12. Re1 e6 13. Bg5 h6 14. Be3 exd5 15. exd5
Nd7 16. Qd2 Qh4 17. f4 b5 18. cxb5 Bb7 19. Bf2 Qd8 20. a4 axb5 21. Bxb5 Ba6 22.
Bxd7 Qxd7 23. Bh4 Rfe8 24. Ne4 f5 25. Nf6+ Bxf6 26. Bxf6 Bb7 27. b3 Qf7 28. Bb2
Qxd5 29. Qc2 Rad8 30. Kh2 Re4 31. Qc3 Rd4 32. Qg3 Kf7 33. Bxd4 cxd4 34. Rac1 Rd7
35. Rc2 Ba6 36. Rd2 Rb7 37. Qh4 Qxb3 38. Qxh6 1-0

[Event "World Rapid 2017"]
[Site "Riyadh KSA"]
[Date "2017.12.26"]
[Round "5.46"]
[White "Kokarev, Dmitry"]
[Black "Malakhatko, Vadim"]
[Result "1-0"]
[WhiteTitle "GM"]
[BlackTitle "GM"]
[WhiteElo "2615"]
[BlackElo "2542"]
[WhiteFideId "4132181"]
[BlackFideId "14104202"]
[EventDate "2017.12.26"]

1. e4 c5 2. Nf3 e6 3. d4 cxd4 4. Nxd4 Nc6 5. Nc3 Qc7 6. Be3 a6 7. Qd2 Nf6 8. f4
Bb4 9. Bd3 Na5 10. a3 Bxc3 11. Qxc3 Qxc3+ 12. bxc3 d5 13. e5 Ne4 14. Nb3 Nc4 15.
Bxc4 dxc4 16. Na5 b5 17. Bd4 f5 18. exf6 gxf6 19. O-O Rg8 20. Rae1 f5 21. Re3 h6
22. Rh3 Rg6 23. Rh4 Bd7 24. Rf3 O-O-O 25. Rfh3 Rdg8 26. g3 Nd2 27. Kf2 Nb1 28.
Ke3 Nxa3 29. Kd2 b4 30. cxb4 Ba4 31. c3 Kc7 32. Rxh6 Rxh6 33. Rxh6 Kd6 34. Nb7+
Kd5 35. Nc5 1-0

[Event "World Rapid 2017"]
[Site "Riyadh KSA"]
[Date "2017.12.26"]
[Round "5.47"]
[White "Ibrahimov, Rasul"]
[Black "Salem, A.R. Saleh"]
[Result "1/2-1/2"]
[WhiteTitle "GM"]
[BlackTitle "GM"]
[WhiteElo "2518"]
[BlackElo "2638"]
[WhiteFideId "13400495"]
[BlackFideId "9301348"]
[EventDate "2017.12.26"]

1. Nf3 c5 2. g3 g6 3. c3 Bg7 4. d4 Na6 5. Bg2 Nf6 6. O-O O-O 7. Bf4 d6 8. Re1
Bf5 9. Nbd2 d5 10. Be5 cxd4 11. Nxd4 Bg4 12. Bxf6 Bxf6 13. Qb3 Nc5 14. Qxd5 Qxd5
15. Bxd5 Rfd8 16. Bf3 Bxd4 17. cxd4 Rxd4 18. Red1 h5 19. Ne4 Ne6 20. Nc3 Bxf3
21. exf3 Rad8 22. f4 Rd2 23. Rab1 R8d4 24. Kf1 Rc2 25. Ke1 Rxd1+ 26. Nxd1 Nd4
27. Ne3 Nf3+ 28. Kf1 Rd2 29. Kg2 Nd4 30. Nc4 Re2 31. Rd1 Nf5 32. Rd2 Re1 33. Kf3
Kg7 34. Ne3 Nd6 35. Rd1 Rxd1 36. Nxd1 Kf6 37. h4 Ke6 38. Ke3 Kd5 39. Kd3 Kc5 40.
Nc3 b5 41. Ne4+ Kd5 42. Nc3+ Kc6 43. Kd4 Nf5+ 44. Ke5 Nh6 45. Kd4 Ng4 46. Nd1
Kd6 47. b4 Kc6 48. a3 a6 49. Ke4 Nf6+ 50. Kd4 Ng4 51. Ke4 Kd6 52. f5 e5 53. fxg6
fxg6 54. Kd3 Ke6 55. f3 Nh6 56. Nc3 Nf5 57. Ne4 Kd5 58. Nf6+ Kd6 59. Ne4+ Kc6
60. Kc3 Kd5 61. Nf6+ Kc6 62. Ne4 Nd4 63. f4 Kd5 64. Nf6+ Ke6 65. Ne4 Kd5 66.
Nf6+ Ke6 67. Ne4 Kd5 68. Nf6+ Ke6 69. Ne4 1/2-1/2

[Event "World Rapid 2017"]
[Site "Riyadh KSA"]
[Date "2017.12.26"]
[Round "5.48"]
[White "Socko, Bartosz"]
[Black "Dobrov, Vladimir"]
[Result "1-0"]
[WhiteTitle "GM"]
[BlackTitle "GM"]
[WhiteElo "2593"]
[BlackElo "2515"]
[WhiteFideId "1107038"]
[BlackFideId "4136594"]
[EventDate "2017.12.26"]

1. d4 Nf6 2. c4 c6 3. Nc3 d5 4. cxd5 cxd5 5. Bf4 Nc6 6. e3 Bg4 7. Qb3 Na5 8.
Qa4+ Bd7 9. Qc2 Rc8 10. Bd3 e6 11. Nf3 Be7 12. O-O b5 13. Qe2 b4 14. Nb1 Nh5 15.
Be5 f6 16. Nh4 g6 17. Nxg6 hxg6 18. Bxg6+ Kf8 19. Bxh5 fxe5 20. Qf3+ Bf6 21.
dxe5 Rxh5 22. Qxh5 Bg7 23. Nd2 Qe8 24. Qg4 Nc4 25. Rfc1 Nxe5 26. Qxb4+ Kg8 27.
Qa3 Rb8 28. Rc7 Rxb2 29. Rd1 Qh5 30. f3 Nxf3+ 31. Nxf3 Qg4 32. Rd2 Rxd2 33. Nxd2
Qd1+ 34. Nf1 Bb5 35. Rxg7+ 1-0

[Event "World Rapid 2017"]
[Site "Riyadh KSA"]
[Date "2017.12.26"]
[Round "5.49"]
[White "Lodhi, Mahmood"]
[Black "Georgiev, Kiril"]
[Result "1/2-1/2"]
[WhiteTitle "IM"]
[BlackTitle "GM"]
[WhiteElo "2347"]
[BlackElo "2623"]
[WhiteFideId "7800010"]
[BlackFideId "2900017"]
[EventDate "2017.12.26"]

1. d4 Nf6 2. Nf3 e6 3. g3 b5 4. Bg2 d5 5. O-O Bb7 6. Nbd2 c5 7. c3 Nbd7 8. a4 a6
9. axb5 axb5 10. Rxa8 Qxa8 11. dxc5 Bxc5 12. Nb3 Be7 13. Nfd4 Qa6 14. Qd3 b4 15.
Qxa6 Bxa6 16. Bd2 bxc3 17. Bxc3 e5 18. Nc6 d4 19. Ra1 Bb7 20. Nba5 Bc8 21. Bd2
Nb6 22. Nxe5 O-O 23. Nac6 Bd6 24. Ra7 Be6 25. Ba5 Nbd5 26. b4 Nc3 27. Bf3 g5 28.
g4 h5 29. h3 hxg4 30. Nxg4 Nxg4 31. hxg4 Nb5 32. Rb7 Bc4 33. Ne7+ Bxe7 34. Rxe7
d3 35. exd3 Bxd3 36. Bb6 Rc8 37. Bc5 Rd8 38. Re5 f6 39. Re7 Nd4 40. Bxd4 Rxd4
41. Rb7 Kf8 42. b5 Be4 43. Bxe4 Rxe4 44. f3 Rb4 45. Kf2 Rb3 46. b6 Ke8 47. Ke2
Kd8 48. Kf2 Ke8 49. Rb8+ Kf7 50. Ke2 Ke6 51. b7 Kd7 52. Rf8 Rxb7 53. Rxf6 Rb5
54. Ke3 Ke7 55. Rg6 Kf7 56. Rc6 Rb3+ 57. Ke4 Kg7 58. Rd6 Rb4+ 59. Rd4 Rb5 60.
Rd5 Rb4+ 61. Kf5 Rf4+ 62. Kxg5 Rxf3 63. Rd7+ Kg8 64. Kg6 Rf8 65. g5 Ra8 66. Kh6
Ra6+ 67. g6 Ra8 68. Rg7+ Kh8 69. Rh7+ Kg8 1/2-1/2

[Event "World Rapid 2017"]
[Site "Riyadh KSA"]
[Date "2017.12.26"]
[Round "5.50"]
[White "Al Ghamdi, Ahmed M"]
[Black "Potkin, Vladimir"]
[Result "0-1"]
[WhiteTitle "CM"]
[BlackTitle "GM"]
[WhiteElo "2159"]
[BlackElo "2574"]
[WhiteFideId "21500150"]
[BlackFideId "4131061"]
[EventDate "2017.12.26"]

1. e4 c5 2. Nf3 e6 3. d4 cxd4 4. Nxd4 Nc6 5. Nb5 d6 6. Bf4 e5 7. Be3 a6 8. N5a3
Nf6 9. Nc4 Nxe4 10. Nb6 Rb8 11. Nd5 b5 12. Be2 Be7 13. O-O O-O 14. f4 Bb7 15. a4
b4 16. a5 Nf6 17. Bb6 Qd7 18. c4 Nxd5 19. cxd5 Nd4 20. Bc4 Bd8 21. Bxd4 exd4 22.
Qxd4 Bf6 23. Qd2 Rfc8 24. Bb3 Qb5 25. Ra4 Ba8 26. Re1 h6 27. Re4 Qc5+ 28. Kf1
Qc1+ 29. Re1 Qxb2 30. Qd3 Rc1 31. Ra2 Rxe1+ 32. Kxe1 Qc1+ 0-1

[Event "World Rapid 2017"]
[Site "Riyadh KSA"]
[Date "2017.12.26"]
[Round "5.51"]
[White "Naiditsch, Arkadij"]
[Black "Abdyjapar, Asyl"]
[Result "1-0"]
[WhiteTitle "GM"]
[BlackTitle "IM"]
[WhiteElo "2705"]
[BlackElo "2382"]
[WhiteFideId "4650891"]
[BlackFideId "13800337"]
[EventDate "2017.12.26"]

1. d4 Nf6 2. Bf4 d5 3. e3 c5 4. c3 Nc6 5. Nd2 e6 6. Ngf3 cxd4 7. exd4 Nh5 8. Be3
Bd6 9. g3 O-O 10. Bd3 f5 11. Ne5 Nf6 12. Ndf3 Ne7 13. Bf4 Ne4 14. O-O b6 15. Re1
Bb7 16. Qa4 h6 17. Qd7 Bc8 18. Qxd8 Rxd8 19. h4 Bb7 20. Bb5 a6 21. Bf1 Rac8 22.
Nd3 Nc6 23. Bxd6 Rxd6 24. h5 a5 25. Nf4 Rc7 26. Nh4 Bc8 27. f3 Nf6 28. Re3 Nd8
29. Rae1 Bd7 30. Bh3 b5 31. g4 fxg4 32. Bxg4 Rcc6 33. Nhg6 Rb6 34. Nd3 Be8 35.
Ne7+ Kf8 36. Nc8 Bxh5 37. Bxh5 Nxh5 38. f4 Nf6 39. Nc5 Kf7 40. a4 Rdc6 41. Nxb6
Rxb6 42. b4 bxa4 43. bxa5 Rb5 44. a6 Ra5 45. Ra1 a3 46. c4 a2 47. Re2 Ne4 48.
Rexa2 Rxa2 49. Rxa2 Nxc5 50. dxc5 1-0

[Event "World Rapid 2017"]
[Site "Riyadh KSA"]
[Date "2017.12.26"]
[Round "5.52"]
[White "Sanal, Vahap"]
[Black "Ganguly, Surya Shekhar"]
[Result "0-1"]
[WhiteTitle "GM"]
[BlackTitle "GM"]
[WhiteElo "2551"]
[BlackElo "2650"]
[WhiteFideId "6300545"]
[BlackFideId "5002150"]
[EventDate "2017.12.26"]

1. Nf3 d5 2. g3 c5 3. Bg2 Nc6 4. c4 d4 5. O-O e5 6. d3 Nf6 7. e3 Bd6 8. exd4
cxd4 9. Na3 O-O 10. Nc2 a5 11. Re1 h6 12. Na3 Re8 13. Nb5 Bc5 14. b3 Bf5 15. a3
Qd7 16. Nh4 Bh7 17. Ra2 Rad8 18. Rb2 e4 19. dxe4 Nxe4 20. Nf3 Nc3 21. Rxe8+ Qxe8
22. Qe1 Qd7 23. Rd2 Re8 24. Qf1 Ne4 25. Rd3 Nf6 26. Rd2 d3 27. Ne1 Ne5 28. Bb2
Nfg4 29. Bxe5 Rxe5 30. Nxd3 Bxd3 31. Rxd3 Bxf2+ 32. Kh1 Qe7 0-1

[Event "World Rapid 2017"]
[Site "Riyadh KSA"]
[Date "2017.12.26"]
[Round "5.53"]
[White "Anton Guijarro, David"]
[Black "Lam, Daniel King-wai"]
[Result "1-0"]
[WhiteTitle "GM"]
[BlackTitle "FM"]
[WhiteElo "2666"]
[BlackElo "2222"]
[WhiteFideId "2285525"]
[BlackFideId "6001238"]
[EventDate "2017.12.26"]

1. Nf3 Nf6 2. c4 g6 3. Nc3 Bg7 4. e4 d6 5. d4 O-O 6. h3 Na6 7. Be3 e5 8. d5 c6
9. g4 Qa5 10. Nd2 Nxe4 11. Ndxe4 f5 12. gxf5 gxf5 13. Nxd6 f4 14. Bd2 1-0

[Event "World Rapid 2017"]
[Site "Riyadh KSA"]
[Date "2017.12.26"]
[Round "5.54"]
[White "Miton, Kamil"]
[Black "Al-Hajiri, Bader"]
[Result "1-0"]
[WhiteTitle "GM"]
[BlackTitle "FM"]
[WhiteElo "2584"]
[BlackElo "2165"]
[WhiteFideId "1111914"]
[BlackFideId "10300163"]
[EventDate "2017.12.26"]

1. d4 d5 2. c4 e6 3. Nf3 Nf6 4. g3 c6 5. Bg2 dxc4 6. Ne5 Bb4+ 7. Bd2 Qxd4 8.
Bxb4 Qxe5 9. Na3 Qxb2 10. Rb1 Qe5 11. Nxc4 Qh5 12. Nd6+ Kd7 13. Nxf7+ Nd5 14.
Nxh8 Na6 15. O-O 1-0

[Event "World Rapid 2017"]
[Site "Riyadh KSA"]
[Date "2017.12.26"]
[Round "5.55"]
[White "Al Jabri, Mohammed Ali"]
[Black "Vallejo Pons, Francisco"]
[Result "0-1"]
[BlackTitle "GM"]
[WhiteElo "2154"]
[BlackElo "2707"]
[WhiteFideId "7604734"]
[BlackFideId "2205530"]
[EventDate "2017.12.26"]

1. e4 e5 2. Nf3 Nc6 3. Bc4 Nf6 4. d3 h6 5. c3 d6 6. a4 g5 7. O-O Bg7 8. Re1 O-O
9. h3 d5 10. exd5 Nxd5 11. Nbd2 Nb6 12. Bb5 Qd5 13. c4 Qd6 14. Ne4 Qg6 15. a5
Nd7 16. a6 Rd8 17. Nc3 bxa6 18. Ba4 Nb4 19. Nd5 Nxd5 20. cxd5 Qd6 21. Bc6 Rb8
22. Nd2 Qg6 23. Nc4 f6 24. d6 cxd6 25. Bd5+ Kh7 26. Nxd6 Nc5 27. Bf7 Qxd3 28.
Qh5 Rxd6 29. Be3 Nb7 30. Rad1 Qf5 31. g4 Qd7 32. Rc1 Nd8 33. Bg6+ Kg8 34. h4
Qxg4+ 35. Qxg4 Bxg4 36. hxg5 fxg5 37. Rc7 Rxg6 0-1

[Event "World Rapid 2017"]
[Site "Riyadh KSA"]
[Date "2017.12.26"]
[Round "5.56"]
[White "Amer, Said Salim Al Maashani"]
[Black "Jumabayev, Rinat"]
[Result "0-1"]
[WhiteTitle "FM"]
[BlackTitle "GM"]
[WhiteElo "2103"]
[BlackElo "2612"]
[WhiteFideId "22000100"]
[BlackFideId "13702661"]
[EventDate "2017.12.26"]

1. e4 c5 2. Nf3 d6 3. d4 cxd4 4. Nxd4 Nf6 5. Nc3 a6 6. g3 e5 7. Nde2 b5 8. Bg2
Bb7 9. O-O Nbd7 10. a4 b4 11. Nd5 Nxd5 12. exd5 Rc8 13. Be3 Be7 14. f4 O-O 15.
Qd2 a5 16. c3 exf4 17. Bxf4 bxc3 18. Nxc3 Bf6 19. Ne4 Be5 20. Bg5 Qb6+ 21. Be3
Qb3 22. Ra3 Qc2 23. Nc3 Qxd2 24. Bxd2 Ba6 25. Nb5 Rc2 26. Bxa5 Rxb2 27. Bc3 Bxc3
28. Rxc3 Nc5 29. Nxd6 Bxf1 30. Bxf1 Nxa4 31. Rc7 Rd2 32. Nf5 g6 33. Ne7+ Kg7 34.
Bb5 Nb6 35. Bc6 Rb8 36. Bb7 Rd8 37. h4 Rd7 38. Rxd7 Nxd7 39. Bc6 Ne5 0-1

[Event "World Rapid 2017"]
[Site "Riyadh KSA"]
[Date "2017.12.26"]
[Round "5.57"]
[White "Al Habeeb, Emad"]
[Black "Khenkin, Igor"]
[Result "0-1"]
[BlackTitle "GM"]
[WhiteElo "1933"]
[BlackElo "2554"]
[WhiteFideId "21500029"]
[BlackFideId "4659600"]
[EventDate "2017.12.26"]

1. d4 d5 2. Nf3 c6 3. g3 Bf5 4. Bg2 e6 5. O-O Nd7 6. Nh4 Bg4 7. Nd2 Be7 8. Nhf3
Ngf6 9. c4 O-O 10. Qc2 Bf5 11. Qb3 Qb6 12. Qxb6 axb6 13. Nh4 Bc2 14. Re1 Bb4 15.
cxd5 exd5 16. Nhf3 Rfe8 17. e3 Ne4 18. a3 Ndf6 19. Re2 Bd1 20. Re1 Bxf3 21. Nxf3
Bxe1 22. Nxe1 b5 23. Nd3 Nd7 24. f3 Nd6 25. Kf2 Rac8 26. Bh3 f5 27. Nc5 Nf6 28.
b4 g6 29. Bf1 Re7 30. Bd2 Nc4 31. Bxc4 dxc4 32. Re1 b6 33. Na6 Ra8 34. Bc1 Rxa6
35. Bb2 c3 36. Bxc3 Rxa3 37. Rc1 Nd5 38. Bd2 Ra2 39. Ke1 Nxe3 0-1

[Event "World Rapid 2017"]
[Site "Riyadh KSA"]
[Date "2017.12.26"]
[Round "5.58"]
[White "Miswadah, Baha"]
[Black "Christiansen, Johan-Sebastian"]
[Result "0-1"]
[BlackTitle "IM"]
[WhiteElo "1877"]
[BlackElo "2495"]
[WhiteFideId "11502118"]
[BlackFideId "1512668"]
[EventDate "2017.12.26"]

1. e4 e5 2. Nf3 Nc6 3. d4 exd4 4. Nxd4 Nf6 5. Nxc6 bxc6 6. e5 Qe7 7. Qe2 Nd5 8.
c4 Nb6 9. b3 Qe6 10. Bb2 a5 11. a4 Bb4+ 12. Nd2 O-O 13. g3 d5 14. exd6 Qxd6 15.
O-O-O Bf5 16. Ne4 Qh6+ 17. Kb1 Rfe8 18. f3 Rab8 19. Ka2 Be6 20. Qc2 f5 21. Nf2
Bf8 22. Nd3 Rb7 23. Ne5 Bd6 24. f4 Bxe5 25. Bxe5 Reb8 26. Be2 Nd7 27. Bd4 Rxb3
28. Qxb3 Rxb3 29. Kxb3 Qg6 30. Kc3 Qf7 31. Rb1 h6 32. Rb7 c5 33. Be3 Nb6 34.
Bxc5 Nxa4+ 35. Kd4 Qf6+ 36. Ke3 Nxc5 37. Rxc7 Qc3+ 38. Kf2 Ne4+ 39. Kf1 Qe3 0-1

[Event "World Rapid 2017"]
[Site "Riyadh KSA"]
[Date "2017.12.26"]
[Round "5.59"]
[White "El Adnani, Mokliss"]
[Black "Al Omary, Ahmed"]
[Result "1-0"]
[WhiteTitle "IM"]
[WhiteElo "2448"]
[BlackElo "1875"]
[WhiteFideId "9000410"]
[BlackFideId "21500207"]
[EventDate "2017.12.26"]

1. c4 e6 2. Nc3 d5 3. d4 Nf6 4. Nf3 Bb4 5. Bg5 Nc6 6. e3 h6 7. Bh4 g5 8. Bg3 Ne4
9. Rc1 Qe7 10. Nd2 Bxc3 11. bxc3 f5 12. Nxe4 fxe4 13. f3 exf3 14. Qxf3 h5 15. h4
g4 16. Qf4 e5 17. dxe5 Rf8 18. Qg5 Rf5 19. Qg8+ Rf8 20. Qg6+ Qf7 21. Qxf7+ Rxf7
22. cxd5 Ne7 23. e6 Rf8 24. e4 c6 25. c4 b6 26. d6 Bxe6 27. dxe7 Kxe7 28. c5
Rfd8 29. Ba6 Rd4 30. O-O Rxe4 31. Bb7 Rd8 32. Bxc6 Re2 33. Bd6+ Rxd6 34. cxd6+
Kxd6 35. Bb5 Re5 36. Rfd1+ Rd5 37. Bc4 1-0

[Event "World Rapid 2017"]
[Site "Riyadh KSA"]
[Date "2017.12.26"]
[Round "5.60"]
[White "Tissir, Mohamed"]
[Black "Masrahi, Abdulrahman A"]
[Result "1-0"]
[WhiteTitle "IM"]
[BlackTitle "CM"]
[WhiteElo "2381"]
[BlackElo "1962"]
[WhiteFideId "9000240"]
[BlackFideId "21501564"]
[EventDate "2017.12.26"]

1. e4 e5 2. Nf3 Nc6 3. Bc4 Bc5 4. c3 Nf6 5. d3 a6 6. Bb3 Ba7 7. Nbd2 d6 8. Nf1
Ne7 9. Ng3 Ng6 10. Bg5 h6 11. Bxf6 gxf6 12. Nf5 Bxf5 13. exf5 Nf4 14. g3 Nh3 15.
Rf1 Qd7 16. Nh4 h5 17. Qe2 O-O-O 18. O-O-O d5 19. Kb1 Kb8 20. f4 exf4 21. Qg2
Ng5 22. gxf4 Nh7 23. d4 Rhg8 24. Qf2 c6 25. Rde1 Bb6 26. Bd1 Bc7 27. Bxh5 Rde8
28. Rxe8+ Qxe8 29. Re1 Qd7 30. Bd1 Qd6 31. Ng2 Nf8 32. a3 Nd7 33. h4 Qf8 34. h5
Nb6 35. Rh1 Qh6 36. Be2 Nc8 37. c4 dxc4 38. Bxc4 Nd6 39. Bd3 Bb6 40. Rh2 Nb5 41.
Bxb5 axb5 42. Ne1 Rd8 43. Nc2 Rd5 44. Qg3 Rxf5 45. Qg8+ Ka7 46. Re2 Qxh5 47. Re8
Qh1+ 48. Ka2 Qd5+ 49. b3 Bxd4 50. Rd8 Qe4 51. Nxd4 Rd5 52. Qg1 Rxd8 53. Nxc6+ 1-0

[Event "World Rapid 2017"]
[Site "Riyadh KSA"]
[Date "2017.12.26"]
[Round "5.61"]
[White "Alanazy, Mohammed"]
[Black "Khader, Sami"]
[Result "0-1"]
[BlackTitle "IM"]
[WhiteElo "1850"]
[BlackElo "2392"]
[WhiteFideId "21508488"]
[BlackFideId "8100500"]
[EventDate "2017.12.26"]

1. e4 e5 2. Nf3 Nc6 3. Bc4 Nf6 4. d3 Be7 5. c3 O-O 6. O-O d5 7. exd5 Nxd5 8. Re1
Bg4 9. h3 Bh5 10. g4 Bg6 11. Nxe5 Nxe5 12. Rxe5 c6 13. d4 Bd6 14. Re1 f5 15. g5
f4 16. h4 Qd7 17. Qf3 Rae8 18. Rxe8 Rxe8 19. Bxd5+ cxd5 20. Bxf4 Re1+ 21. Kh2
Be4 22. Nd2 Bxf3 0-1

[Event "World Rapid 2017"]
[Site "Riyadh KSA"]
[Date "2017.12.26"]
[Round "5.62"]
[White "Saeed, Ishaq"]
[Black "Bukannan, Ahmed A"]
[Result "1-0"]
[WhiteTitle "FM"]
[WhiteElo "2434"]
[BlackElo "1929"]
[WhiteFideId "9301453"]
[BlackFideId "21504164"]
[EventDate "2017.12.26"]

1. d4 d5 2. c4 dxc4 3. e4 Nf6 4. Nc3 a6 5. e5 Nd5 6. Bxc4 e6 7. Nf3 Be7 8. O-O
O-O 9. Ne4 b5 10. Bd3 Nd7 11. Nfg5 g6 12. Qf3 h6 13. Nh3 Kg7 14. Bd2 Bb7 15. Qg3
c5 16. Nf4 Nxf4 17. Qxf4 Rh8 18. Nd6 Bxd6 19. exd6 cxd4 20. Qxd4+ e5 21. Qe3 Qf6
22. Bc3 Qxd6 23. Rfd1 Qe7 24. Bc2 Rhe8 25. a4 b4 26. Bd2 g5 27. h4 Nf8 28. Qg3
f6 29. a5 Rac8 30. Bb3 Ng6 31. Qg4 Rcd8 32. Bxb4 Qc7 33. Rac1 Qb8 34. Qc4 Rxd1+
35. Rxd1 Nf8 36. Qg8# 1-0

[Event "World Rapid 2017"]
[Site "Riyadh KSA"]
[Date "2017.12.26"]
[Round "5.63"]
[White "Al Saidi, Mohammed Khalfan"]
[Black "Omar, Noaman"]
[Result "1-0"]
[BlackTitle "IM"]
[WhiteElo "1468"]
[BlackElo "2364"]
[WhiteFideId "22001271"]
[BlackFideId "9300244"]
[EventDate "2017.12.26"]

1. d4 Nf6 2. c4 e6 3. Nc3 Bb4 4. Qc2 b6 5. a3 Bxc3+ 6. Qxc3 Ne4 7. Qc2 Bb7 8.
Nh3 f5 9. f3 Nf6 10. e3 O-O 11. Bd3 c5 12. b3 Qe7 13. O-O Nc6 14. Bb2 g6 15.
Rae1 e5 16. d5 Nd8 17. f4 Nf7 18. e4 fxe4 19. Bxe4 Nxe4 20. Qxe4 d6 21. fxe5
dxe5 22. Nf2 b5 23. Ng4 bxc4 24. bxc4 Nd6 25. Nh6+ Kg7 26. Bxe5+ Kxh6 27. Bf4+
Rxf4 28. Qxe7 1-0

[Event "World Rapid 2017"]
[Site "Riyadh KSA"]
[Date "2017.12.26"]
[Round "5.64"]
[White "Salama, Taher"]
[Black "Al-Saffar, Araz Basim Mohammed S"]
[Result "0-1"]
[BlackTitle "IM"]
[WhiteElo "1769"]
[BlackElo "2368"]
[WhiteFideId "11502231"]
[BlackFideId "4801040"]
[EventDate "2017.12.26"]

1. d4 e6 2. c4 b6 3. Nc3 Bb7 4. Nf3 Bb4 5. Bd2 f5 6. a3 Be7 7. e3 Nf6 8. Bd3 O-O
9. O-O Qe8 10. Re1 Ne4 11. Rc1 d6 12. Qc2 Qg6 13. Bxe4 fxe4 14. Nb5 Bd8 15. c5
Rf5 16. d5 exf3 17. g3 Rxd5 18. Qxg6 hxg6 19. Rc2 Rxc5 20. Rxc5 bxc5 21. b4 cxb4
22. axb4 Nc6 23. Rc1 a6 24. Nd4 Nxd4 25. exd4 Bd5 26. h4 c6 27. Bf4 Bc7 28. Ra1
Kf7 29. Kf1 e5 30. dxe5 dxe5 31. Be3 Bd6 32. Bd2 Rb8 33. Rxa6 Bc4+ 0-1

[Event "World Rapid 2017"]
[Site "Riyadh KSA"]
[Date "2017.12.26"]
[Round "5.65"]
[White "Al Juhani, Bakr"]
[Black "Al Zamel, Khaled"]
[Result "0-1"]
[WhiteElo "1854"]
[BlackElo "1942"]
[WhiteFideId "21500185"]
[BlackFideId "21500967"]
[EventDate "2017.12.26"]

1. e4 c6 2. d4 d6 3. Nf3 Qc7 4. Bd3 Bg4 5. Nbd2 Nd7 6. h3 Bh5 7. g4 Bg6 8. Nf1
Ngf6 9. Ng3 e6 10. O-O Be7 11. Re1 O-O 12. Nh2 Rad8 13. f4 d5 14. e5 Ne4 15.
Nxe4 dxe4 16. Bxe4 Bxe4 17. Rxe4 c5 18. c3 cxd4 19. cxd4 Nb6 20. Re2 Rxd4 21.
Qe1 Rfd8 22. Be3 Rd3 23. Rb1 Qc6 24. Rd2 Rxd2 25. Bxd2 Nc4 26. Rc1 Qb6+ 27. Kg2
Rxd2+ 0-1

[Event "World Rapid 2017"]
[Site "Riyadh KSA"]
[Date "2017.12.26"]
[Round "5.66"]
[White "Alem, Ali Hussien"]
[Black "Al Bargi, Hassan M"]
[Result "0-1"]
[WhiteElo "1745"]
[BlackElo "1579"]
[WhiteFideId "21500088"]
[BlackFideId "21501475"]
[EventDate "2017.12.26"]

1. e4 d5 2. e5 c5 3. c3 Nc6 4. d4 Bf5 5. Nf3 e6 6. dxc5 Bxc5 7. b4 Bb6 8. a4 Bc7
9. Bf4 Nge7 10. Na3 Ng6 11. Bg5 Qd7 12. Be2 Ngxe5 13. Nd4 Bg6 14. Ndb5 Bd8 15.
Be3 O-O 16. f4 a6 17. Bc5 Be7 18. fxe5 Bxc5 19. bxc5 axb5 20. Bxb5 Qe7 21. Qe2
Qxc5 22. c4 d4 23. Bxc6 bxc6 24. O-O d3+ 25. Qf2 Qxe5 26. Rfe1 Qd6 27. Nb1 Qb4
28. Nd2 Rxa4 29. Rxa4 Qxa4 30. Qf3 Qc2 31. Rd1 Qa4 32. Kf1 h6 33. Ke1 Rd8 34.
Rb1 c5 35. h4 Qd7 36. h5 Bf5 37. g4 Bh7 38. Rb7 Qe8 39. Rc7 e5 40. Rxc5 e4 41.
Qe3 Qe7 42. g5 hxg5 43. Rxg5 f6 44. Rg4 f5 45. Rg5 Rf8 46. h6 g6 47. Qf4 e3 48.
c5 exd2+ 0-1

[Event "World Rapid 2017"]
[Site "Riyadh KSA"]
[Date "2017.12.26"]
[Round "5.67"]
[White "Al Abdali, Zeyad Saleh"]
[Black "Al Mahmood, Salman"]
[Result "1-0"]
[WhiteElo "1801"]
[BlackElo "1593"]
[WhiteFideId "21501505"]
[BlackFideId "11201517"]
[EventDate "2017.12.26"]

1. d4 Nf6 2. Nf3 e6 3. Bg5 Be7 4. Nc3 b6 5. e4 Bb7 6. Bd3 O-O 7. Qe2 d6 8. Rd1
Nbd7 9. O-O Re8 10. e5 dxe5 11. Nxe5 Nxe5 12. dxe5 Nd5 13. Nxd5 exd5 14. Bc1 Bf8
15. f4 g6 16. f5 Bg7 17. e6 fxe6 18. fxg6 h6 19. Qh5 d4 20. Bxh6 Qd5 21. Qxd5
Bxd5 22. Bxg7 Kxg7 23. Rf7+ Kg8 24. Rdf1 c5 25. b3 e5 26. Bb5 Rf8 27. Re7 Rxf1+
28. Kxf1 Rf8+ 29. Ke2 Bxg2 30. Bc4+ Kh8 31. Rh7# 1-0

[Event "World Rapid 2017"]
[Site "Riyadh KSA"]
[Date "2017.12.27"]
[Round "6.1"]
[White "Movsesian, Sergei"]
[Black "Carlsen, Magnus"]
[Result "0-1"]
[WhiteTitle "GM"]
[BlackTitle "GM"]
[WhiteElo "2647"]
[BlackElo "2837"]
[WhiteFideId "310204"]
[BlackFideId "1503014"]
[EventDate "2017.12.26"]

1. e4 Nc6 2. Nf3 d6 3. d4 Nf6 4. Nc3 g6 5. h3 Bg7 6. Be3 O-O 7. Qd2 a6 8. Bd3 e5
9. d5 Ne7 10. g4 c6 11. dxc6 bxc6 12. O-O-O d5 13. Nxe5 Nxe4 14. Bxe4 Bxe5 15.
Bg2 Rb8 16. Rhe1 Be6 17. Na4 Qd6 18. c3 Rb5 19. f4 Bg7 20. Bf1 Ra5 21. Qc2 c5
22. c4 Rb8 23. Bd2 Rxa4 24. Qxa4 Bxb2+ 25. Kc2 Bd7 26. Qb3 Rxb3 27. axb3 Bd4 0-1